书目信息 |
| 题名: |
化学海洋学
|
|
| 作者: | 赖利 , 斯基罗 , Skirrow , Riley 编 ;刘光 译 | |
| 分册: | 第一卷 | |
| 出版信息: | 北京 海洋出版社 1982.08 |
|
| 页数: | 695页 | |
| 开本: | 21cm | |
| 丛书名: | ||
| 单 册: | ||
| 中图分类: | P734 | |
| 科图分类: | ||
| 主题词: | 海洋化学 | |
| 电子资源: | ||
| ISBN: | ||
| 000 | 00893nam0 2200313 45 | |
| 001 | 0182005833 | |
| 005 | 20061123103151.10 | |
| 010 | @dCNY4.10 | |
| 091 | @aCN@b13193.0082(1) | |
| 100 | @a19950720f1982 em y0chiy0121 ea | |
| 101 | 1 | @achi@ceng |
| 102 | @aCN@b110000 | |
| 105 | @ay z 000yy | |
| 200 | 10 | @a化学海洋学@Ahua xue hai yang xue@h第一卷@f(英)赖利(J.P.Riley), 斯基罗(G.Skirrow)主编@g刘光等译 |
| 205 | @a第二版 | |
| 210 | @a北京@c海洋出版社@d1982.08 | |
| 215 | @a695页@d21cm | |
| 300 | @a书名原文:Chemical ocenography | |
| 510 | 1 | @aChemical ocenogrpahy@zeng |
| 606 | @a海洋化学 | |
| 690 | @aP734@v3 | |
| 701 | 1 | @a赖利@Alai li@bJ.P.@f英@4编 |
| 701 | 1 | @a斯基罗@Asi ji luo@bG.@4编 |
| 701 | A1 | @aSkirrow@bG.@4著 |
| 701 | A1 | @aRiley@bJ.P.@4编 |
| 702 | 0 | @a刘光@Aliu guang@4译 |
| 801 | 2 | @aCN@bNLC@c20061123 |
| 801 | 0 | @aCN@bTSSF |
| 905 | @a10447@dP734@e20:1=2 | |
| 化学海洋学.第一卷/(英)赖利(J.P.Riley), 斯基罗(G.Skirrow)主编/刘光等译.-第二版.-北京:海洋出版社,1982.08 |
| 695页;21cm |
| 书名原文:Chemical ocenography |
| ISBN :CNY4.10 |
| ● |
| 相关链接 |
|
|
|
|
正题名:化学海洋学
索取号:P734/20:1=2
 
预约/预借
| 序号 | 登录号 | 条形码 | 馆藏地/架位号 | 状态 | 备注 |
| 1 | 0157985 | 202122513 | 第二样本阅览室/ [索取号:P734/20:1=2] | 在馆 |